Dva komorné súbory

Bibliographic Details
Main Author: Sebestyénová, Helena (Author)
Format: Article
Language:Slovak
Subjects:

MARC

LEADER 00000nab a2200000 ar4500
001 vtls009180415
003 SK-MaSNL
005 20260303202318.0
008 080204c19761110xo |r|p|||||||000 b|slo
015 |a SNBRB1977 
038 |a SNKBUCL 
040 |a SNKBUCL  |b slo  |c SNKBUCL  |e AACR2 
041 |a slo 
044 |a xo  |c SK 
080 |a 78:785.1:061.2  |2 1997 
100 1 |a Sebestyénová, Helena  |4 aut  |9 1068298 
245 1 0 |a Dva komorné súbory  |c Helena Sebestyénová 
610 2 7 |a Bratislavské komorné združenie  |2 SNKKA  |9 145787 
650 0 7 |a komorná hudba  |x združenia  |2 snkbucl  |9 1233934 
773 0 |t Ľud  |g (10.11.1976), s. 5 
852 |a SNK  |b KIS3GCP 
958 |a SK 
999 |c 2178913  |d 2180843